Delivering big carbon cuts (Record no. 117257)
[ view plain ]
| 000 -LEADER | |
|---|---|
| fixed length control field | 01380cam a2200229 4500 |
| 001 - CONTROL NUMBER | |
| control field | WB4016-07 |
| 008 - FIXED-LENGTH DATA ELEMENTS--GENERAL INFORMATION | |
| fixed length control field | 040427n2004 000 0 eng u |
| 035 ## - SYSTEM CONTROL NUMBER | |
| System control number | (Sirsi) u126032 |
| 245 ## - TITLE STATEMENT | |
| Title | Delivering big carbon cuts |
| 260 ## - PUBLICATION, DISTRIBUTION, ETC. | |
| Date of publication, distribution, etc. | 2004 |
| 490 ## - SERIES STATEMENT | |
| Series statement | DEFRA News Release |
| Volume/sequential designation | (155/04) 26 April 2004 (4) |
| 520 ## - SUMMARY, ETC. | |
| Summary, etc. | Government plans to improve energy efficiency massively to boost efforts to tackle climate change and save over £3bn a year on energy costs have been published. "Energy efficiency - the government's plan for action" reveals how carbon emissions will be cut through energy efficiency by an extra 12m tonnes within the next six years including a new commitment to save 4.2m tonnes of carbon from households by 2010. The action plan is available at http://www.official-documents.co.uk/document/cm61/ 6168/6168.pdf. Also published is "The government's strategy for combine heat and power to 2010", available at http://www.defra.gov.uk/environment/energy/chp/chp -strategy.pdf, which demonstrates continued government support for energy-efficient CHP technology. http://www.defra.gov.uk/news/2004/040426c.htm |
| 590 ## - LOCAL NOTE (RLIN) | |
| Local note | WB |
| 590 ## - LOCAL NOTE (RLIN) | |
| Local note | WB |
| 650 ## - SUBJECT ADDED ENTRY--TOPICAL TERM | |
| Topical term or geographic name entry element | CARBON EMISSIONS |
| 650 ## - SUBJECT ADDED ENTRY--TOPICAL TERM | |
| Topical term or geographic name entry element | CLIMATE CHANGE |
| 650 ## - SUBJECT ADDED ENTRY--TOPICAL TERM | |
| Topical term or geographic name entry element | ENERGY COSTS |
| 650 ## - SUBJECT ADDED ENTRY--TOPICAL TERM | |
| Topical term or geographic name entry element | DOMESTIC ENERGY CONSUMPTION |
| 650 ## - SUBJECT ADDED ENTRY--TOPICAL TERM | |
| Topical term or geographic name entry element | COMBINED HEAT AND POWER |
| 690 ## - LOCAL SUBJECT ADDED ENTRY--TOPICAL TERM (OCLC, RLIN) | |
| Topical term or geographic name as entry element | ENERGY-EFFICIENCY |
| 942 ## - ADDED ENTRY ELEMENTS (KOHA) | |
| Suppress in OPAC | 0 |
| Withdrawn status | Lost status | Source of classification or shelving scheme | Damaged status | Not for loan | Home library | Current library | Shelving location | Date acquired | Total Checkouts | Full call number | Barcode | Date last seen | Copy number | Price effective from | Koha item type |
|---|---|---|---|---|---|---|---|---|---|---|---|---|---|---|---|
| Dewey Decimal Classification | London | London | News article | 27/04/2004 | WB4016-07 | 126032-1001 | 06/08/2019 | 1 | 06/08/2019 | News article |